Atomic propulsion plants. : Atomnyye energeticheskiye ustanovki /

Bibliographic Details
Main Author: Kanaev, A. A. (Andreĭ Andreevich)
Format: Book
Language:English
Russian
Published: Washington : Naval Intelligence Command Headquarters, Translation Division, 1969.
Subjects:

MARC

Tag First Indicator Second Indicator Subfields
LEADER 00000cam a2200000 4500
001 in00000093127
005 20150925085237.0
008 800331s1969 dcua 00010 eng d
035 |a (OCoLC)06152620 
035 |9 AAL1704AM 
040 |a TXA  |c TXA  |d UtOrBLW 
041 0 |a eng  |a rus 
049 |a TXAM  |c [955946] 
090 |a TK9202  |b .K323 
100 1 |a Kanaev, A. A.  |q (Andreĭ Andreevich) 
245 1 0 |a Atomic propulsion plants. :  |b Atomnyye energeticheskiye ustanovki /  |c [by] A. A. Kanayev. 
264 1 |a Washington :  |b Naval Intelligence Command Headquarters, Translation Division,  |c 1969. 
300 |a 66 :  |b illustrations 
336 |a text  |b txt  |2 rdacontent 
337 |a unmediated  |b n  |2 rdamedia 
338 |a volume  |b nc  |2 rdacarrier 
500 |a Reprinted from pages 137-197, Power engineering for ships of the future, 1967. Originally published in Russian. 
650 0 |a Nuclear reactors. 
650 0 |a Nuclear power plants. 
999 |a MARS 
999 f f |s 4995e586-2276-3e33-8adc-467d67b2ad55  |i f1482d86-75f4-3e7e-a081-5f1ae09d4040  |t 0 
952 f f |p ric  |a Texas A&M University  |b Rellis Campus  |c Joint Library Facility  |d Remote Storage  |t 0  |e TK9202 .K323  |h Library of Congress classification  |i unmediated -- volume  |m A14805516532 
998 f f |a TK9202 .K323  |t 0  |l Remote Storage